00338 a2200097 4500001001000000005001700010008004100027245008100068100002400149773006700173ART_3511120260410162005.0260409a 10aLa cuantificación judicial en el Código Civil y Comercial de la Nación1 aLencina, Marcelo A.0 tTemas de derecho civilg- Año 1, Nº 3 (dic. 2015)wREV34778